000 00422pab a2200157 454500
008 180718b2000 xxu||||| |||| 00| 0 eng d
100 _aBakaya, Ravi M.
245 _aPolitical pluralism in Russia: a tentative assessment
260 _c2000
300 _ap.151-57
362 _aDec
650 _aRussia - Politics and government
650 _aPolitics and government
773 _aMan and Development
909 _a47647
999 _c47647
_d47647